000 00876nam a2200253 a 4500
001 2511
005 20140414131904.0
008 050602s19uu xx 00 eng d
020 _a0-375-81373-X
050 _aFIC
_bOs1 2001
100 _aOsborne, Mary Pope
245 _aChristmas in camelot /
_cby Magic Pope Osborne ; illustrated by Sal Mardocca.
260 _aNew York :
_bRandom House,
_c2001.
300 _a115 p. : ill. ; cm.
440 _aMagic Tree House
520 _aOn Christmas Eve, Jack and Annie's tree house transports them to King Arthur's castle at Camelot, where they undertake a quest to the otherworld.
650 _aTime travel
_xFiction.
650 _aMagic
_xFiction.
650 _aArthur, King
_xFiction.
650 _aChristmas
_xFiction.
650 _aTree houses
_xFiction.
650 _aBrothers and sisters
_xFiction.
999 _c110835
_d110835